• 首页
  • 本馆介绍
  • 公告通知
  • 最新文献
  • 馆藏检索
  • 电子资源
  • 读者导购
  • 参考咨询
  • 我的图书馆
  • 登录
  • 详细信息显示
  • 放入我的书架
  • 预约/预借图书
  • 作者相关作品
  • 分类相关作品
  • 丛书相关作品
  • 出版社相关作品

书目信息

  • 表格格式
  • 工作单格式
  • 卡片格式
题名:
赵紫阳
    
 
作者: 沈大伟 著 ;陈玮 译
分册:  
出版信息: 北京   中国广播电视出版社  1988.9
页数: 112页
开本: 20厘米
丛书名:
单 册:
中图分类: K821
科图分类:
主题词:
电子资源:
ISBN: 7-5043-0132-9
000 00905nam0 2200265 450
001 0100297733
005 20050607101100.0
010    @a7-5043-0132-9@dCNY2.60
011    @a7-5043-0132-9
100    @a19921104d1988 em y0chiy0110 ea
101 1  @achi@ceng
102    @aCN@b110000
105    @ac z 000yd
106    @ar
200 1  @a赵紫阳@9Zhao Zi Yang @e从地方干部到总理@f(美)戴维·桑鲍著@g陈 玮译@b专著
210    @a北京@c中国广播电视出版社@d1988.9
215    @a112页@d20厘米
300    @a著者原题:戴维.桑鲍
330    @a本书的大部分内容是关于赵紫阳在地方工作经历的编年记述。其次,作者力求从中国政治体制的上层人事变动的广阔背景上描述赵紫阳的政治生涯。
600  0 @a赵紫阳@f(1919-2005)@x生平事迹
690    @aK821@v三版
701  1 @c(美)@a沈大伟@c(Shambaugh, David)@9shen da wei@4著
702  0 @a陈玮@9chen wei@4译
801  0 @aCN@bAiZhiMarc@c19921104
905    @aBZT@dK821@e14@f1@sK821/14
    
    赵紫阳:从地方干部到总理/(美)戴维·桑鲍著/陈 玮译.-北京:中国广播电视出版社,1988.9
    112页;20厘米
    著者原题:戴维.桑鲍
    
    ISBN 7-5043-0132-9:CNY2.60
    本书的大部分内容是关于赵紫阳在地方工作经历的编年记述。其次,作者力求从中国政治体制的上层人事变动的广阔背景上描述赵紫阳的政治生涯。
●
相关链接 在五车中查询图书 在当当中查询图书 在豆瓣中查询图书


正题名:赵紫阳     索取号:K821/14         预约/预借

序号 登录号 条形码 馆藏地/架位号 状态 备注
1 2000106049   2000106049   旧书回溯/ [索取号:K821/14] 在馆    
山东省滨州职业学院图书馆 欢迎您!
大连网信软件有限公司© 版权所有